Statistics for Video Games by Letter - “D”

Click here to take the quiz!

General Stats

  • This quiz has been taken 95 times
  • The average score is 8 of 15

Answer Stats

HintAnswer% Correct
Mario’s first rival who is very protective of his banana stashDonkey Kong
100%
Nintendo’s best selling console ever, it helped normalize the concept of touch screen to the worldDS
94%
Princess of Sarasaland and
potentially Luigi's lover
Daisy
79%
Blast your way through the demons of hell in the first-person-shooter pioneerDoom
79%
Last name of legendary
treasure hunter Nathan
Drake
76%
Pokémon-like series that got its start as "masculine" tamagotchisDigimon
55%
This hyper-masculine sunglasses-wearing man has come here to kick ass and chew bubblegum - and he's all out of bubblegumDuke Nukem
52%
Most successful video game franchise in Japan, with iconic characters like "Slime" and "Hero"Dragon Quest
46%
White haired protagonist with a devil-may-care attitude; or black haired, depends on which one you playDante
44%
Defeat all enemies on screen by either crushing them under rocks or inflating themDig Dug
31%
Talented students are trapped by sadistic bear: only way out?
Killing another student.
Danganronpa
30%
Company specializing in publishing indie games, including Fall Guys, Enter the Gungeon and Genital JoustingDevolver Digital
21%
Link can’t wait to bomb these!Dodongo
20%
Leader of the Blue Lions house in
Fire Emblem: Three Houses
Dimitri
14%
Fiora's older brother and previous wielder of the MonadoDunban
13%

Score Distribution

Percentile by Number Answered

Percent of People with Each Score

Your Score History

You have not taken this quiz